Administración y soporte a la red de telecomunicaciones de una institución financiera /

Gespeichert in:
Bibliographische Detailangaben
1. Verfasser: Ochoa de León, Jorge Higinio (autor)
Format: Abschlussarbeit Buch
Sprache:Spanisch
Schlagworte:
Tags: Tag hinzufügen
Keine Tags, Fügen Sie das erste Tag hinzu!

MARC

LEADER 00000nam^a2200000^a^4500
001 000103900
005 20250521000000.0
009 20260310093403.542
037 |a Acervo ITESO - Biblioteca 
041 |a ESP 
090 |a ISC. 257 
100 |a Ochoa de León, Jorge Higinio  |e (autor) 
245 1 0 |a Administración y soporte a la red de telecomunicaciones de una institución financiera /  |c J.H. Ochoa de León. 
264 |a Guadalajara, México :  |b edición de autor,  |c 1999 
300 |a 68 p. 
336 |a texto  |b txt  |2 rdacontenido 
337 |a sin mediación  |b n  |2 rdamedio 
338 |a volumen  |b nc  |2 rdasoporte 
502 |a ITESO Reporte Profesional de Licenciatura en Ingeniería en Sistemas Computacionales 
649 |a XX 
650 |a Bancos y Operaciones Bancarias 
650 |a Desarrollo de Sistemas 
650 |a Redes de Computadoras 
650 |a Comunicación en Red 
650 |a Telecomunicaciones 
650 |a Error del Milenio (Ingeniería Computacional) 
650 |a Ingeniería Computacional 
910 |a Fondo General 
920 |a Impresos - Tesis del ITESO 
930 |a Colección General 
905 |a 104 
901 |a 0500038024  |b IT2  |c TSS  |u 20250521 
902 |a https://opac.biblio.iteso.mx/vufind/Record/000103900